000 01143cam a22003133a 4500
001 2455
003 FISKH
005 20250327101928.0
008 031124s2004 nyua j 000 1 eng d
010 _a 2003115868
020 _a006053947X (pbk.)
020 _a9780060539474
035 _a(OCoLC)ocm56662903
040 _aIMF
_cIMF
_dOCLCQ
_dBAKER
_dDLC
_beng
050 0 0 _aMLCS 2006/43160
082 _a489
100 1 _aMayer, Mercer,
_d1943-
245 1 0 _aJust a snowman /
_cby Mercer Mayer.
260 _aNew York :
_bHarperFestival,
_c2004.
300 _a26 unnumbered pages :
_bcolor illustrations ;
_c21 cm
505 _aJ
520 _a"Hooray! It is a snow day! And what a perfect time to make a snowman. But Little Sister needs help putting on her boots, Dad needs a hand with shoveling, and Gator wants to build a fort. Will Little Critter ever get to build a snowman?"--Cover back.
521 8 _a490
_bLexile AD
521 8 _aJ
_bRaz-Plus
600 0 1 _aLittle Critter
_c(Fictitious character)
_vFiction.
650 1 _aSnowmen
_vFiction.
906 _a7
_bcbc
_ccopycat
_d2
_eepcn
_f20
_gy-gencatlg
942 _2ddc
_cBK
_n0
999 _c2455
_d2455